| 000 | 00701nam a2200181Ia 4500 | ||
|---|---|---|---|
| 003 | GCL | ||
| 008 | 140319s9999 xx 000 0 ara d | ||
| 040 |
_aGCL / _cGCL |
||
| 082 | 0 | 4 |
_a301.273 _bم ث |
| 100 | 1 | _aمكتب الاستعلامات الامريكى | |
| 245 | 1 | 0 |
_aالثقافة الامريكية: العدد الثانى - المجلد الثالث / _cمكتب الاستعلامات الامريكى |
| 300 | _a104 ص | ||
| 490 |
_aالهيئة العامة للاستعلامات _v0 |
||
| 650 | 0 | 4 | _aالولايات المتحدة الامريكية |
| 650 | 0 | 4 | _aالثقافة |
| 650 | 0 | 4 | _aالولايات المتحدة الامريكية - الثقافة |
| 942 |
_2ddc _cBK |
||
| 999 |
_c50675 _d50675 |
||